Statistiques concernant États insulaires non-souverain + souverain

Cliquez ici pour prendre le quiz!

Statistiques générales

  • Ce quiz a été pris 21 fois
    (11 depuis la dernière actualisation)
  • Le résultat moyen est 46 sur 137

Statistiques - réponses

Réponses% Correct
Chypre
80%
Comores
80%
Madagascar
80%
Nauru
80%
Nouvelle-Zélande
80%
Palaos
80%
Sao Tomé-et-Principe
80%
Tuvalu
80%
Vanuatu
80%
Antigua-et-Barbuda
70%
Barbade
70%
Cap-Vert
70%
Dominique
70%
Grenade
70%
Haïti
70%
Îles Marshall
70%
Indonésie
70%
Japon
70%
Kiribati
70%
Maldives
70%
Malte
70%
Maurice
70%
Micronésie
70%
Papouasie-Nouvelle-Guinée
70%
République dominicaine
70%
Royaume-Uni
70%
Saint-Christophe-et-Niévès
70%
Sainte-Lucie
70%
Saint-Vincent-et-les-Grenadines
70%
Samoa
70%
Samoa américaines
70%
Seychelles
70%
Sri Lanka
70%
Tonga
70%
Trinité-et-Tobago
70%
Bahamas
60%
Brunei
60%
Cuba
60%
Fidji
60%
Îles Salomon
60%
Irlande
60%
Islande
60%
Jamaïque
60%
Saint-Barthélemy
60%
Saint-Martin
60%
Singapour
60%
Taïwan
60%
Timor oriental
60%
Aruba
50%
Groenland
50%
Guadeloupe
50%
Îles Cook
50%
Îles Vierges britanniques
50%
Malouines
50%
Martinique
50%
Nouvelle-Calédonie
50%
Saint-Pierre-et-Miquelon
50%
Açores
40%
Bermudes
40%
curaçao
40%
Hawaï
40%
Îles Féroé
40%
La Réunion
40%
Mayotte
40%
Montserrat
40%
Niue
40%
Philippines
40%
Anguilla
30%
Bahreïn
30%
Porto Rico
30%
Bonaire
20%
Chypre du nord
20%
Géorgie du sud
20%
Île Christmas
20%
Île de Clipperton
20%
Îles Kerguelen
20%
Îles Mariannes du nord
20%
Îles Saint-Paul-et-Amsterdam
20%
Madère
20%
Tokelau
20%
Guam
10%
Îles Caïmans
10%
Îles Cocos
10%
Îles Éparses
10%
Îles Midway
10%
Îles Sandwich du sud
10%
Îles Turques-et-Caïques
10%
Saba
10%
Saint-Eustache
10%
Svalbard
10%
Tobago
10%
Akrotiri et Dhekelia
0%
Archipel de Frioul
0%
Archipel des Tuamotu
0%
Atoll Johston
0%
Atoll Palmyra
0%
Bangsamoro
0%
Bougainville
0%
Dominion du Melchizedek
0%
Forvik
0%
Gouvernement révolutionnaire de Zanzibar
0%
Île Baker
0%
Île Bouvet
0%
Île de la Navasse
0%
Île d'Or
0%
Île Howland
0%
Île Jan Mayen
0%
Île Jarvis
0%
Île Norfolk
0%
Îles Ashmore-et-Cartier
0%
Îles Australes
0%
Îles Chatham
0%
Îles Crozet
0%
Îles de la Société
0%
Îles de Rafraîchissement
0%
Îles Gambier
0%
Îles Heard-et-MacDonald
0%
Îles Marquises
0%
Îles Vierges des États-Unis
0%
Insulo de la Rozoj
0%
Lundy
0%
Moluques du sud
0%
New Atlantis
0%
Niévès
0%
Nouvelle-Guinée occidentale
0%
Principauté de Sealand
0%
Récif Kingman
0%
République de Minerva
0%
Rodrigues
0%
Royaume de Redonda
0%
Sainte Hélène, Ascension et Tristan da Cunha
0%
Tavolara
0%
Territoire britannique de l'océan Indien
0%
Trindade et Martim Vaz
0%
Wake
0%
Waveland
0%

Distribution des résultats

Percentile par nombre de réponses

% des personnes avec chaque résultat

Votre développement - résultats

Vous n’avez pas pris ce quiz depuis la dernière actualisation